Seattle Movies by Picture - Statistics

General Stats
  • This quiz has been taken 276 times
  • The average score is 6 of 16
Answer Stats
Picture Answer % Correct
Sonic the Hedgehog 2
94%
Sleepless in Seattle
76%
50/50
74%
Fifty Shades of Grey
71%
The Ring
69%
10 Things I Hate About You
59%
Say Anything
38%
Harry and the Hendersons
35%
WarGames
35%
The Fabulous Baker Boys
23%
Chronicle
11%
Singles
11%
Safety Not Guaranteed
5%
Where'd You Go, Bernadette
5%
The Parallax View
4%
Assassins
3%
No matching quizzes found
Score Distribution
Percent of People with Each Score
Percentile by Number Answered
Your Score History
You have not taken this quiz